Možnosti využitia nanočastíc pri úprave vlastností náterových látok pre drevné povrchy

Enregistré dans:
Détails bibliographiques
Auteur principal: Geguššová, Andrea
Format: Livre
Langue:slovaque
Publié: Bratislava STU FCHPT 2007
Accès en ligne:Voir à l'OPAC
Tags: Ajouter un tag
Pas de tags, Soyez le premier à ajouter un tag!

MARC

LEADER 00000nam a2200000 a 4500
005 20260127134326.0
008 060607 2006 xo 000 0 slo d
035 |a vtls009004061 
039 9 |a 200708020932  |b mschk03  |y 200706291247  |z mschk03 
040 |a STUSCHK1  |b slo  |c STUSCHK1  |e AACR2 
100 1 |a Geguššová, Andrea 
245 1 |a Možnosti využitia nanočastíc pri úprave vlastností náterových látok pre drevné povrchy  |c Andrea Geguššová 
260 |a Bratislava  |b STU FCHPT  |c 2007 
300 |a 78 s.  |b obr.,tab.,grafy, lit.  |c 29 cm 
500 |a Obháj.: 5.6. 2007 
500 |a Špec.: Chemická technológia dreva, celulózy a papiera 
500 |a Ústav polymérnych materiálov 
910 |a SCHK95 
999 |c 9873  |d 9873